000 00569nam a2200157 a 4500
008 130919s2011 ||||||||||||||||| || u
020 _a9780755388554
050 _aPS 3555 .V2126 E97
100 _aAvanovich Janet
245 1 0 _aExplosive Eighteen
_cby Janet Avanovich
260 _aGreat Britain:
_bHeadline Publishing Group
_c2011
300 _a342p.
650 _aENGLISH LANGUAGE
650 _aWOMEN BOUNTY HUNTERS--FICTION
995 _FCBU-MAIN LIBRARY (Kitwe)
_M1
_UAVAILABLE
_WOct 31, 2013
_ZFiction Collection
999 _c42983
_d42983